| 000 | 00361 a2200169 4500 | ||
|---|---|---|---|
| 001 | 13784 | ||
| 020 | _a9788526264601 | ||
| 040 | _cAnchieta - Aquarius | ||
| 100 | _aGuasco, Luiz | ||
| 240 | 1 | 0 |
_a=O voo de Ícaro _lpor |
| 245 | 1 | 0 | _a=O voo de Ícaro |
| 300 | _a40 | ||
| 362 | 0 | _a2015 | |
| 440 | 1 | _aScipione | |
| 650 | 4 | _aLiteratura brasileira | |
| 942 | _cBK | ||
| 999 |
_c13784 _d13784 |
||